| 000 | 00497cam a22001934a 4500 | ||
|---|---|---|---|
| 005 | 20250605163607.0 | ||
| 008 | 250528s ||||||||||||||||||||||||d | ||
| 035 | _a22388 | ||
| 020 | _a9789602868447 | ||
| 040 |
_aGR-AtMCL _bgre _dGR-AtMCL _eAACR2 |
||
| 245 | 1 | _aΕΝΑΣ ΑΛΛΟΣ ΔΡΟΜΟΣ ΓΙΑ ΤΗΝ ΤΕΧΝΗ | |
| 250 | _a2 | ||
| 260 |
_bΈλλην, _c2004 |
||
| 300 | _a96 | ||
| 700 | 1 | _aΗλιοπουλος Βασιλης | |
| 942 | _cBK | ||
| 999 |
_c7441 _d7441 |
||